Encontrar trabajo en tiempos difíciles /

Guardado en:
Detalles Bibliográficos
Autor principal: Pigueron, George (autor)
Formato: Libro
Idioma:Español
Publicado: México : Paidós, 2004, c2004
Colección:(Paidós Croma ; 17)
Temas:
Etiquetas: Agrega una etiqueta
Sin etiquetas, Sé el primero en etiquetar este registro!

MARC

LEADER 00000nam^a2200000^a^4500
001 000163334
005 20250521000000.0
009 20260310100904.517
020 |a 968-853-552-4 
037 |a Acervo ITESO - Biblioteca 
041 |a ESP 
082 |a 158. 6  |b PIG 
100 |a Pigueron, George  |e (autor) 
245 1 0 |a Encontrar trabajo en tiempos difíciles /  |c G. Pigueron. 
264 4 |a México :  |b Paidós,  |c 2004, c2004 
300 |a 146 p. 
336 |a texto  |b txt  |2 rdacontenido 
337 |a sin mediación  |b n  |2 rdamedio 
338 |a volumen  |b nc  |2 rdasoporte 
440 1 |a (Paidós Croma ;  |v 17) 
649 |a XX 
650 |a Trabajo -  |x Aspectos Psicológicos 
650 |a Empleo y Desempleo -  |x Aspectos Psicológicos 
650 |a Satisfacción Laboral 
650 |a Comunicación Personal 
650 |a Uso del Tiempo 
650 |a Creatividad 
650 |a Solución de Problemas 
650 |a Empowerment 
650 |a Exito Administrativo 
650 |a Motivación 
650 |a Incentivos (Psicología) 
650 |a Autoconcepto 
650 |a Toma de Decisiones 
650 |a Identidad Personal 
650 |a Superación Personal y Autoayuda 
650 |a Psicología 
910 |a Fondo General 
920 |a Impresos - Libros 
930 |a Colección General 
905 |a 101 
901 |a 0500096283  |b IT1  |c ACC  |u 20250521 
902 |a https://opac.biblio.iteso.mx/vufind/Record/000163334